Output in the construction industry (Record no. 82611)
[ view plain ]
| 000 -LEADER | |
|---|---|
| fixed length control field | 01149cad a22002175a 4500 |
| 001 - CONTROL NUMBER | |
| control field | L150700 |
| 008 - FIXED-LENGTH DATA ELEMENTS--GENERAL INFORMATION | |
| fixed length control field | 100819e20100813xxkd f s f000 0 eng d |
| 035 ## - SYSTEM CONTROL NUMBER | |
| System control number | (Sirsi) u150700 |
| 041 0# - LANGUAGE CODE | |
| Language code of text/sound track or separate title | eng |
| 110 1# - MAIN ENTRY--CORPORATE NAME | |
| Corporate name or jurisdiction name as entry element | United Kingdom |
| Subordinate unit | Office of National Statistics |
| 9 (RLIN) | 2035 |
| 245 00 - TITLE STATEMENT | |
| Title | Output in the construction industry |
| Remainder of title | second quarter 2010 |
| Medium | [electronic resource] |
| 260 ## - PUBLICATION, DISTRIBUTION, ETC. | |
| Date of publication, distribution, etc. | 2010 |
| 490 ## - SERIES STATEMENT | |
| Series statement | ONS Statistical Bulletin |
| Volume/sequential designation | Second Quarter 2010, 13 August 2010 |
| 520 ## - SUMMARY, ETC. | |
| Summary, etc. | Statistics include total output in Great Britain 2005-2010, construction industry output (constant (2005) prices, seasonally adjusted), new housing, new infrastructure, new public non-housing, new private non-housing, housing repair and maintenance, non-housing repair and maintenance, revisions, further information sources. |
| 590 ## - LOCAL NOTE (RLIN) | |
| Local note | KA NTK |
| 650 24 - SUBJECT ADDED ENTRY--TOPICAL TERM | |
| Topical term or geographic name entry element | ONS NEW CONSTRUCTION ORDERS |
| 651 #4 - SUBJECT ADDED ENTRY--GEOGRAPHIC NAME | |
| Geographic name | Great Britain |
| Chronological subdivision | 1707- |
| 690 ## - LOCAL SUBJECT ADDED ENTRY--TOPICAL TERM (OCLC, RLIN) | |
| Topical term or geographic name as entry element | BUILT ENVIRONMENT-CONSTRUCTION MARKET |
| 856 40 - ELECTRONIC LOCATION AND ACCESS | |
| Uniform Resource Identifier | <a href="https://www.ons.gov.uk/ons/rel/construction/output-in-the-construction-industry/q2-2010/q2-2010-statistical-bulletin.pdf">https://www.ons.gov.uk/ons/rel/construction/output-in-the-construction-industry/q2-2010/q2-2010-statistical-bulletin.pdf</a> |
| Public note | View the website free of charge at www.ons.gov.uk |
| 942 ## - ADDED ENTRY ELEMENTS (KOHA) | |
| Suppress in OPAC | 0 |
| Withdrawn status | Lost status | Source of classification or shelving scheme | Damaged status | Not for loan | Home library | Current library | Shelving location | Date acquired | Total Checkouts | Full call number | Barcode | Date last seen | Price effective from | Koha item type |
|---|---|---|---|---|---|---|---|---|---|---|---|---|---|---|
| Dewey Decimal Classification | Virtual | Virtual | Online | 19/08/2010 | ONLINE PUBLICATION | 150700-2001 | 06/08/2019 | 06/08/2019 | Journal |